A Checklist of Birds of Punjab (Record no. 594938)
[ view plain ]
| 000 -LEADER | |
|---|---|
| fixed length control field | 00399nam a2200145Ia 4500 |
| 008 - FIXED-LENGTH DATA ELEMENTS--GENERAL INFORMATION | |
| fixed length control field | 100415s9999 xx 000 0 und d |
| 082 ## - DEWEY DECIMAL CLASSIFICATION NUMBER | |
| Item number | 12021 |
| Classification number | 598.2(545) |
| 100 ## - MAIN ENTRY--PERSONAL NAME | |
| Personal name | Shahar S.Dilbag Singh Nawan |
| 245 ## - TITLE STATEMENT | |
| Title | A Checklist of Birds of Punjab |
| 260 ## - PUBLICATION, DISTRIBUTION, ETC. (IMPRINT) | |
| Place of publication, distribution, etc | CHANDIGARH |
| Date of publication, distribution, etc | 0 |
| 365 ## - TRADE PRICE | |
| Price amount | 0 |
| 630 ## - SUBJECT ADDED ENTRY--UNIFORM TITLE | |
| Uniform title | A Checklist of Birds of Punjab |
| 730 ## - ADDED ENTRY--UNIFORM TITLE | |
| Uniform title | A Checklist of Birds of Punjab |
| 942 ## - ADDED ENTRY ELEMENTS (KOHA) | |
| Koha item type | Book |
| Withdrawn status | Lost status | Damaged status | Not for loan | Home library | Current library | Date acquired | Cost, normal purchase price | Total Checkouts | Full call number | Barcode | Date last seen | Price effective from | Koha item type |
|---|---|---|---|---|---|---|---|---|---|---|---|---|---|
| Bombay Natural History Society | Bombay Natural History Society | 01/12/1999 | 0.00 | 598.2(545) 12021 | BNHS-12021 | 04/15/2010 | 04/15/2010 | Book |